Statistiken für Länder ohne Vokale

Klicken Sie hier um das Quiz zu spielen!

Allgemein

  • Dieses Quiz wurde 218 mal gespielt
  • Das Durchschnittsergebnis liegt bei 13 aus 15

Antwortstatistiken

HintAntwort% Korrekt
DtschlndDeutschland
99%
KschstnKasachstan
97%
SlwkSlowakei
97%
JrdnnJordanien
96%
SdfrkSüdafrika
96%
SdkrSüdkorea
95%
krnUkraine
95%
BrslnBrasilien
93%
KndKanada
93%
NdrlndNiederlande
92%
SnglSenegal
90%
SmlSomalia
85%
NslndNeuseeland
79%
strrchÖsterreich
76%
ndnsnIndonesien
58%

Verteilung der Resultate

Perzentil nach korrekt beantworteten Fragen

Anzahl Personen mit jedem Resultat

Ihre Resultats-Entwicklung

Sie haben dieses Quiz noch nicht gespielt